Năng lượng Việt Nam

Kaydedildi:
Detaylı Bibliyografya
Materyal Türü: Kitap
Dil:Undetermined
Baskı/Yayın Bilgisi: Hà Nội Hiệp hội Năng lượng Việt Nam 2020
Konular:
Etiketler: Etiketle
Etiket eklenmemiş, İlk siz ekleyin!
Thư viện lưu trữ: Trung tâm Học liệu Trường Đại học Cần Thơ
LEADER 00602nam a2200181Ia 4500
001 CTU_239548
008 210402s9999 xx 000 0 und d
020 |c 35000 
082 |a 333.79 
082 |b N116 
245 0 |a Năng lượng Việt Nam 
245 0 |c Hiệp hội Năng lượng Việt Nam 
260 |a Hà Nội 
260 |b Hiệp hội Năng lượng Việt Nam 
260 |c 2020 
650 |a Power resources,Trung tâm Học liệu ĐHCT,Tài nguyên năng lượng 
904 |i T.Trang 
980 |a Trung tâm Học liệu Trường Đại học Cần Thơ